000
00329nam a2200133Ia 4500
005
20251222155058.0
008
251222s9999||||xx |||||||||||||| ||spa||
082
_a
REL.29
100
_a
REDRADO Jose.
245
0
_a
Dimensión apostólica de la orden hospitalaria
250
_a
1ra. ed.
264
_b
Hospitalaria
942
_c
LIB
999
_c
37568
_d
37568